000
00298nam a2200121 a 4500
005
20140414132116.0
008
111026s19uu xx 00 eng d
050
_a
TR
_b
F523 2003
100
_a
Rex, Michael
245
_a
Firefighter.
260
_a
New York :
_b
Scholastic ,
_c
2003.
999
_c
114929
_d
114929